| Tag |
First Indicator |
Second Indicator |
Subfields |
| LEADER |
00000cam a2200000Ii 4500 |
| 001 |
in00002087607 |
| 005 |
20151102170312.0 |
| 008 |
771017s1936 enk 000 1 eng d |
| 035 |
|
|
|a (OCoLC)ocm03348571
|
| 040 |
|
|
|a IWU
|c IWU
|d TXA
|d UtOrBLW
|
| 049 |
|
|
|a TXAM
|
| 090 |
|
|
|a PR6045.A812
|b S8 1936b
|
| 100 |
1 |
|
|a Warner, Sylvia Townsend,
|d 1893-1978.
|
| 245 |
1 |
0 |
|a Summer will show /
|c by Sylvia Townsend Warner.
|
| 264 |
|
1 |
|a London :
|b Chatto & Windus,
|c 1936.
|
| 300 |
|
|
|a 406 pages ;
|c 21 cm.
|
| 336 |
|
|
|a text
|b txt
|2 rdacontent
|
| 337 |
|
|
|a unmediated
|b n
|2 rdamedia
|
| 338 |
|
|
|a volume
|b nc
|2 rdacarrier
|
| 994 |
|
|
|a C0
|b TXA
|
| 948 |
|
|
|a cataloged
|b h
|c 2005/12/14
|d c
|e tmweaver
|f 3:23:31 pm
|
| 999 |
|
|
|a MARS
|
| 999 |
f |
f |
|s 5aea129d-fbe0-3613-8a75-cf112c8e7548
|i e77be53e-8882-300b-97b0-1e1dcf204047
|t 0
|
| 952 |
f |
f |
|p noncirc
|a Texas A&M University
|b College Station
|c Cushing Memorial Library & Archives
|d Cushing: Literature/Mitchell (Does not check out)
|t 0
|e PR6045.A812 S8 1936b
|h Library of Congress classification
|i unmediated -- volume
|
| 998 |
f |
f |
|a PR6045.A812 S8 1936b
|t 0
|l Cushing: Literature/Mitchell (Does not check out)
|